PROCEEDINGS OF THE INTERNATIONAL SOCIAL WORK SYMPOSIUM 2019 : ''Empowering People and Ensuring Inclusiveness and Equality'' : Theme : OLDER PERSONS & PEOPLE WITH DISABILITIES

Bibliographic Details
Corporate Author: International Social Work Symposium Kuala Lumpur
Other Authors: Aini Azeqa Ma'rof (Editor), Aqlam Jafri (Editor), Azlin Hilma Hillaluddin (Editor), Faizah Abdullah (Editor), Mohd. Suhaimi Mohamad (Editor), Paramjit Singh Jamir Singh (Editor), Zarina Mat Saad (Editor), Mostafalou, Yousef (Editor), Voo, Peter (Editor)
Format: Conference Proceeding Book
Language:Malay
Published: Kuala Lumpur : INSTITUT SOSIAL MALAYSIA (ISM) 2019
Subjects:

MARC

LEADER 00000cam a2200000 7i4500
001 0000029177
005 20210819.0
008 210419 my may
020 |a 9789675472404 
040 |a INS   |b eng   |c INS   |e rda 
090 0 0 |a HV376   |b I89 2019 
111 2 |a International Social Work Symposium   |d (2019   |c Kuala Lumpur) 
245 0 0 |a PROCEEDINGS OF THE INTERNATIONAL SOCIAL WORK SYMPOSIUM 2019 :   |b ''Empowering People and Ensuring Inclusiveness and Equality'' : Theme : OLDER PERSONS & PEOPLE WITH DISABILITIES   |c diselenggara oleh: Azlin Hilma Hillaluddin [with nine others] 
264 1 |a Kuala Lumpur :   |b INSTITUT SOSIAL MALAYSIA (ISM)   |c 2019 
264 4 |c ©2019 
300 |a 194 pages ;   |c 20 cm. 
336 |a text  |2 rdacontent 
337 |a unmediated  |2 rdamedia 
338 |a volume  |2 rdacarrier 
504 |a Includes bibliographical references 
546 |a Text in English and Malay 
650 0 |a Public welfare   |z Malaysia   |x Congresses 
650 0 |a Social service   |z Malaysia   |x Congresses 
650 0 |a Social work education   |z Malaysia   |x Congresses 
700 0 |a Aini Azeqa Ma'rof ,   |e editor 
700 0 |a Aqlam Jafri ,   |e editor. 
700 0 |a Azlin Hilma Hillaluddin ,   |e editor 
700 0 |a Faizah Abdullah ,   |e editor 
700 0 |a Mohd. Suhaimi Mohamad ,   |e editor 
700 0 |a Paramjit Singh Jamir Singh ,   |e editor 
700 0 |a Zarina Mat Saad ,   |e editor 
700 1 |a Mostafalou, Yousef ,   |e editor 
700 1 |a Voo, Peter ,   |e editor 
999 |a 0000011146   |b BOOK   |c Open Shelf   |e Default branch